000 00523cam a22001457a 4500
008 180718b1997 xxu||||| |||| 00| 0 eng d
082 _aT19x54 P136
100 _aPadmanabhan, K.
245 _aEconomic transition with a human face
_cby K. Padmanabhan
260 _aTirupattur
_bIndian Institute of Public Administration, Tirupattur Local Branch
_c1997
300 _a86p.
650 _aAgriculture - India, 1951-91
650 _aIndia - Economic conditions
700 _aTirupattur. Indian Institute of Public Administration
999 _c482987
_d482987